000 00394nam a2200121 a 4500
005 20140414131915.0
008 100915s19uu xx 00 eng d
050 _aFIC
_bD12 1997
100 _aDadey. Debbie
245 _aTriplet trouble and the class trip /
_cby Debbie Dadey and Marcia Thornton Jones; illustrated by John Speirs.
260 _aNew York :
_bScholastic ,
_c1997.
999 _c111401
_d111401